LEADER 00954nam a2200241 i 4500 001 000000163655 003 CaOOAMICUS 005 20070707000000.0 008 070707s1967 it u000 u ita u 013 $a141019 040 $aSeMil$bita 100 1 $aSilvestrelli, Igino <1921-2012>.$0(OLS)http://semarc/name/25269 245 10$aEduchiamo i chiamati /$cIgino Silvestrelli. 260 $aS. Massimo (Verona) :$ba cura dei Servi di Nazareth,$c1967. 300 $a217 p. :$bill. ;$c21 cm. 500 $aFondo Card. Giovanni Colombo. 650 4$aPedagogia catechistica.$0(OLS)http://semarc/subject/26147 850 $aSeMil 852 $aSeMil$W1$xVenegono$y1$m3G I 207$j114949$B114949$CSeMilBibl$Z2$F127185 $81 941 1 $a3 961 $aLascito: Colombo [Sig.] - Lazzate 996 $6245$aEduchiamo i chiamati$9(OLS)http://semarc/title/233485 996 $6260$aS. Massimo (Verona) :$ba cura dei Servi di Nazareth$9(OLS)http://semarc/publisher/48519 LEADER 01198nam a2200253 i 4500 001 000000184830 003 CaOOAMICUS 005 20260126145208.0 008 100120s1933 gw u000 u lat u 013 $a162815 040 $aSeMil$bita 100 0 $aAugustinus, Aurelius,$c.$0(OLS)http://semarc/name/498 245 10$aS. Aurelii Augustini Ad consentium epistula :$bpraemissa est consentii ad s. Augustinum epistula (In corpore Augustiniano epistulae 120 et 119) /$crecensuit Michael Schmaus. 300 $a32 p. 700 1 $aSchmaus, Michael,$d<1897-1993>.$0(OLS)http://semarc/name/108 773 0 $tFlorilegium patristicum tam veteris quam medii aevi auctores complectens.$dBonnae : Petri Hanstein, [194?]$g33$w()22760 850 $aSeMil 852 $aSeMil$W1$xVenegono$y1$m2U IV 25$j135522$B135522$CSeMilBibl$Z2$F147084 $81 900 1 $aAgostino : d'Ippona. 900 1 $aSant'Agostino. 996 $6245$aS. Aurelii Augustini Ad consentium epistula :$bpraemissa est consentii ad s. Augustinum epistula (In corpore Augustiniano epistulae 120 et 119)$9(OLS)http://semarc/title/265426